Manab adhikar (Record no. 9061)

MARC details
000 -LEADER
fixed length control field 00485cam a2200205ua 4500
001 - CONTROL NUMBER
control field 10070
005 - DATE AND TIME OF LATEST TRANSACTION
control field 20260515114548.0
008 - FIXED-LENGTH DATA ELEMENTS--GENERAL INFORMATION
fixed length control field 170328n ii |||gr||||Z||||||asm
040 ## - CATALOGING SOURCE
Transcribing agency MAIN
041 ## - LANGUAGE CODE
Language code of text/sound track or separate title asm
082 ## - DEWEY DECIMAL CLASSIFICATION NUMBER
Classification number 323.4
100 ## - MAIN ENTRY--PERSONAL NAME
Personal name Gogoi, Purandar,
Relator term Author.
245 ## - TITLE STATEMENT
Title Manab adhikar
Statement of responsibility, etc. By Purandar Gogoi
250 ## - EDITION STATEMENT
Edition statement 5th ed.
260 ## - PUBLICATION, DISTRIBUTION, ETC.
Place of publication, distribution, etc. Dibrugarh:
Name of publisher, distributor, etc. Banalata,
Date of publication, distribution, etc. 2015.
300 ## - PHYSICAL DESCRIPTION
Extent 288p.
653 ## - INDEX TERM--UNCONTROLLED
Uncontrolled term Civil & political rights
653 ## - INDEX TERM--UNCONTROLLED
Uncontrolled term Human rights
942 ## - ADDED ENTRY ELEMENTS (KOHA)
Koha item type Books
Holdings
Withdrawn status Lost status Damaged status Not for loan Home library Current library Shelving location Date acquired Total checkouts Full call number Barcode Date last seen Date last checked out Copy number Price effective from Koha item type
        Naharkatiya College Library Naharkatiya College Library General stacks 09/19/2020 10 323.4Human rights | GOG 23673 03/09/2023 02/22/2023 4 09/19/2020 Books
        Naharkatiya College Library Naharkatiya College Library General stacks 09/19/2020 8 323.4Human rights | GOG 23674 08/29/2024 08/17/2024 3 09/19/2020 Books
        Naharkatiya College Library Naharkatiya College Library General stacks 09/19/2020 9 323.4Human rights | GOG 23675 12/17/2022 10/20/2022 2 09/19/2020 Books
        Naharkatiya College Library Naharkatiya College Library General stacks 09/19/2020 7 323.4Human rights | GOG 23676 11/22/2024 08/17/2024 1 09/19/2020 Books